Lucas Paquetà le jeune crack - Statistiques

Statistiques générales
  • Ce quiz a été pris 34 fois
  • Le résultat moyen est 9 sur 20
Statistiques - réponses
Hintn Réponse % Correct
Quel est son numéro actuelle en sélection brésilienne ? 10
90%
Sous quel numéro Lucas Paquetà a t'il débuté sous le maillot lyonnais ? 12
79%
En quelle année ? 2021
76%
Lors de ces deux saisons à l'OL il inscrit le même nombre de buts, combien ? 9
76%
Quel était son numéro lors de sa première sélection ? 17
72%
Dans quelle équipe signe t'il après l'OL ? West-Ham
72%
Est-il le meilleur numéro 10 cette dernière décennie à l'OL ? Oui
66%
Face à quelle équipe il porte l'OL en marquant lors des 2 confrontations lors de la saison 2021-2022 ? Paris
62%
Quel a été son premier club européen ? AC milan
55%
Il qualifie la sélection du Brésil en demi-finale de la copa américa en inscrivant l'unique but de la rencontre quelle est cette sélection ? Chili
45%
Lors de la coupe du monde 2022 face à quelle sélection il inscrit son premier but en coupe du monde ? Corée du sud
41%
Dans quelle équipe est-il formé ? Flamengo
34%
Il qualifie la sélection du Brésil en finale de la copa américa en inscrivant l'unique but de la rencontre quelle est cette sélection ? Pérou
34%
Quel est le prix de son transfert à l'OL ? (en Millions d'euros (M)) 20M
21%
Quel a été le prix de son transfert à West-Ham ? (en Millions d'euros (M)) 60M
21%
Face à quelle équipe il inscrit son premier but en première league ? Leeds
10%
Face à quelle équipe il inscrit son premier but sous le maillot lyonnais ? FC Nantes
7%
Quel est la date de signature de Lucas Paqueta à l'OL ? 30 septembre
3%
Quel est son vrai nom brésilien ? Tolentino de lima
3%
Quelle est la seule distinction personnelle qu'il obtient due à sa saison exceptionnel avec l'OL ? Joueur étranger de l'année
0%
Aucun quiz correspondant
Distribution des résultats
% des personnes avec chaque résultat
Percentile par nombre de réponses
Votre historique - résultats
Vous n’avez pas pris ce quiz